RICS Regulatory Tribunal Practice Direction C (Record no. 121744)

MARC details
000 -LEADER
fixed length control field 01283nam a22002417a 4500
005 - DATE AND TIME OF LATEST TRANSACTION
control field 20251215124645.0
008 - FIXED-LENGTH DATA ELEMENTS--GENERAL INFORMATION
fixed length control field 231222s2020 xxk|||||o|||| 00| 0 eng d
041 ## - LANGUAGE CODE
Language code of text/sound track or separate title eng
110 ## - MAIN ENTRY--CORPORATE NAME
Corporate author Royal Institution of Chartered Surveyors
245 ## - TITLE STATEMENT
Title RICS Regulatory Tribunal Practice Direction C
Medium [Electronic resource]
Statement of responsibility, etc [archived]
250 ## - EDITION
Edition statement version 1
260 ## - PUBLICATION INFORMATION
Place of publication London,
Publisher Royal Institution of Chartered Surveyors,
Date 2021
300 ## - PHYSICAL DESCRIPTION
Physical description 5p.
490 ## - SERIES TITLE
Series statement RICS Regulation
500 ## - GENERAL NOTE
General note With effect from 24 December 2021 to 23 March 2024. This replaced the Practice Direction 2 dated 1 April 2020. This Practice Direction should be considered in conjunction with RICS Regulatory Tribunal Practice Direction (Version 2 with effect from 2 March 2020).
500 ## - GENERAL NOTE
General note Replaced by version 2 effective from 24 March 2024
520 ## - ABSTRACT
Abstract This Practice Direction sets out the procedure that RICS Regulatory Tribunal (‘the Tribunal’) will operate in respect of remote and hybrid hearings<br/>
650 ## - KEYWORDS
Keywords PROFESSIONAL STANDARDS
651 ## - SUBJECT ADDED ENTRY--GEOGRAPHIC NAME
Geographic name International
710 ## - ADDED CORPORATE NAME
Added corporate author Royal Institution of Chartered Surveyors
856 ## - ONLINE RESOURCE
Uniform Resource Identifier <a href="https://www.rics.org/content/dam/ricsglobal/documents/regulation/rics_regulatory_tribunal_practice_direction_c.pdf">https://www.rics.org/content/dam/ricsglobal/documents/regulation/rics_regulatory_tribunal_practice_direction_c.pdf</a>
Public note Available free on RICS.org
942 ## - ADDED ENTRY ELEMENTS (KOHA)
Suppress in OPAC Do not suppress in OPAC
Holdings
Lost status Damaged status Not for loan Current library Shelving location Date acquired Total Checkouts Full call number Date last seen Price effective from Koha item type
      Virtual Online 22/12/2023   ONLINE PUBLICATION 22/12/2023 22/12/2023 Online material